Tecnologia das fermentaçoes
Bewaard in:
| Hoofdauteurs: | , , |
|---|---|
| Formaat: | Boek |
| Taal: | Portugees |
| Gepubliceerd in: |
Sao Paulo
Edgard Blücher
1975
|
| Reeks: | Biotecnología, 1
|
| Onderwerpen: | |
| Tags: |
Voeg label toe
Geen labels, Wees de eerste die dit record labelt!
|
MARC
| LEADER | 00000nam a2200000 a 4500 | ||
|---|---|---|---|
| 001 | UCR6654 | ||
| 003 | CL-VaPUC | ||
| 008 | 980423e19750000BL |||||||||||||||||por|d | ||
| 082 | 0 | 4 | |a 660.62 |b LIM |2 21 |
| 100 | |a Lima, Urgel de Almeida |e autor |9 407620 | ||
| 700 | 0 | |a Aquarone, Eugênio |e author |9 407614 | |
| 700 | 0 | |a Borzani, Walter |e author |9 407615 | |
| 245 | 1 | 0 | |a Tecnologia das fermentaçoes |
| 300 | |a 285 p | ||
| 942 | |c BK | ||
| 945 | |d 19980423 00:00:00 |a crobeson | ||
| 260 | |a Sao Paulo |b Edgard Blücher |c 1975 | ||
| 650 | 0 | |a Fermentación |9 259565 | |
| 650 | 7 | |a INGENIERIA QUIMICA |2 CL-VaPUC |9 8 | |
| 650 | 7 | |a MICROBIOLOGIA INDUSTRIAL |2 CL-VaPUC |9 262989 | |
| 650 | 0 | |a Biotecnología |9 259561 | |
| 583 | |a last modification |c 19980423 00:00:00 |k Rodrigo Vera | ||
| 490 | 0 | |a Biotecnología, 1 | |
| 999 | |c 268604 |d 268602 | ||
| 952 | |0 0 |1 0 |4 0 |6 660_620000000000000_LIM_1975 |7 0 |8 A |9 301819 |a BIBALI |b BIBALI |c GEN |d 2019-11-20 |i 1981064 |o 660.62 LIM 1975 |p 1981064 |r 2025-01-20 |w 2019-11-20 |y BK |k ALI | ||